000 00296nam a2200133Ia 4500
008 260604s9999 xx 000 0 und d
020 _a9781138189027
082 _a330 RAD
100 _aRADAY
_935475
245 0 _aECONOMIC WOMAN
260 _bROUTLEDGE
500 _aEconomy, Woman
942 _cBK
999 _c8296
_d8296